Prezydenci Stanów Zjednoczonych #1 - Statystyki

Ogólne statystyki
  • Ten quiz został rozwiązany 7 razy
  • Średni wynik to 9 z 12
Statystyki odpowiedzi
Obrazkowy Odpowiedź % Poprawnych
George Washington
100%
Thomas Jefferson
100%
John Quincy Adams
86%
Andrew Jackson
71%
James Madison
71%
James Monroe
71%
James Polk
71%
John Adams
71%
John Tyler
71%
Martin Van Buren
71%
Zachary Taylor
71%
William Harrison
57%
Nie znaleziono quizów pasujących do podanych kryteriów
Rozkład punktacji
Procent ludzi z każdym wynikiem
Percentyl według liczby udzielonych odpowiedzi
Twoja historia wyników
Nie rozwiązałeś tego quizu